000 00833nam a2200253 i 4500
003 DO-SdBNP
005 20241022153206.0
007 ta
008 140207s1989 dr 000 0 spa d
040 _aDO-SdBNP
_bspa
_cBNPHU
_erda
082 4 _axxx
_bA654m
_222
245 0 0 _aAprovechamiento y manejo de los recursos hidráulicos /
_cpresentación, Frank Rodríguez
264 4 _aSanto Domingo :
_bEditora Centro de Información y Comunicación,
_c1989.
300 _a56 páginas ;
_c23 cm.
336 _atexto
_btxt
_2rdacontent
337 _asin mediación
_bn
_2rdamedia
338 _avolumen
_bnc
_2rdacarrier
490 _aConsenso agrario
_v2
504 _aBibliografía : páginas 53-56
590 _aInventariado, 2020 / YL
700 1 _aRodríguez, Frank,
_epresentación
_977196
910 _aYlockward
942 _2ddc
_cLBS1
999 _c49105
_d49105